| 000 | 01232nam a2200325 a 4500 | ||
|---|---|---|---|
| 001 | 000108685 | ||
| 003 | CHAP | ||
| 005 | 20220329144021.0 | ||
| 008 | 140304s2012 mx sm |||||||spa d | ||
| 010 | _a105147 | ||
| 011 | _a106119 | ||
| 040 | _cCHAP | ||
| 090 | _aTesis | ||
| 100 | 1 |
_aMedel Rodríguez, Zuleyma Noemi _9125724 |
|
| 245 | 1 | 0 |
_aEntomofauna en pepino (Cucumis sativus L.) y patogenicidad de dos anamorfos en mosca blanca (Trialeurodes vaporariorum west.) _h[En línea] _cpor Zuleyma Noemi Medel Rodríguez. |
| 260 |
_aChapingo, Méx. : _bEl autor, _c2012. |
||
| 500 | _aPara ver el contenido del material haga clic en la liga | ||
| 502 | _aTesis (Ing. Agr. Esp. en Parasitología Agrícola) -- UACH. Departamento Parasitología Agrícola | ||
| 590 |
_aBATCH-UPD _b05 _c20140324 _lUCH01 _h1536 |
||
| 590 |
_aBATCH-UPD _b05 _c20141002 _lUCH01 _h0857 |
||
| 590 |
_aE6096MTM _b05 _c20140304 _lUCH01 _h1129 |
||
| 590 |
_aE6096MTM _b05 _c20140304 _lUCH01 _h1131 |
||
| 650 | 1 | 4 |
_aMosca blanca. _978988 |
| 650 | 1 | 4 |
_aPepino _xEnfermedades por hongos. _986905 |
| 650 | 1 | 4 |
_aPepino _xPlagas. _986921 |
| 856 |
_aFinding aid _uhttp://10.13.5.2/tesis/sist108685.pdf _zTeclea aquí |
||
| 901 | _aBK | ||
| 942 | _cCD | ||
| 942 | _n0 | ||
| 999 |
_c105147 _d105147 |
||